Descendants 1,2,3 Quiz (Short) - Statistics

General Stats
  • This quiz has been taken 827 times
  • The average score is 3 of 5
Answer Stats
Question Answer % Correct
How many original VK's are there? 4
96%
What is Mal's dad's name? Hades
96%
Who is Ben in love with? Mal
92%
What dwarf does Dopey always forget? Sneezy
48%
Who is Carlos' mom? Cruella D'Vil
7%
No matching quizzes found
Score Distribution
Percent of People with Each Score
Percentile by Number Answered
Your Score History
You have not taken this quiz